00190nam a2200085Ia 4500008004100000100001200041245001400053260002200067999001500089170523s9999 xx 000 0 und d aWILLSON 0aWORK BOOK bTATA MC GRAW HILL c1693d1693